Megnyílt a rozsnyói Rákóczi Magyar Ház hamarosan Magyarország meghívja a határon túl élő magyarokat a 15 millió magyar közös házába

Bibliographic Details
Main Author: (-trik) (Author)
Format: Article
Language:Hungarian
PhysicalDescription:Fotogr.
Subjects:

MARC

LEADER 00000nab a2200000 a 4500
001 vtls000741918
003 SK-MaSNL
005 20260319074417.0
008 160405c2000 xo 0 hun
015 |a SNBRB2000/12-32316 
035 |a CLN000093758 
040 |a SNKBUCL  |b slo  |c SNKBUCL  |e AACR2 
041 0 |a hun 
044 |a xo  |c SK 
080 |a 008:061.2(437.6=945.11)  |2 1997 
100 0 |a (-trik)  |4 aut  |9 852036 
245 1 0 |a Megnyílt a rozsnyói Rákóczi Magyar Ház  |b hamarosan Magyarország meghívja a határon túl élő magyarokat a 15 millió magyar közös házába  |c [szerző] (-trik) 
300 |b Fotogr. 
610 7 |a Rákociho maďarský dom (Rožňava, Slovensko)  |2 snkbucl  |9 96667 
651 7 |a 808  |2 snkbucl  |9 295457 
655 7 |a články z novín a časopisov  |2 snkbucl  |9 267496 
773 0 |t Új szó  |g Roč. 53, č. 258 (9.11.2000), s. 5 
850 |a Slovenská národná knižnica v Martine 
852 |a SNK  |b KIS3GCP 
958 |a HU 
958 |a SK 
958 |a RBX 
999 |c 1446913  |d 1448843